Ijinle ohun enu ifa apa kin-in-ni

Saved in:
Bibliographic Details
Main Author: ABIMBOLA, Wande
Format: Book
Language:English
Published: University Press 2006
Tags: Add Tag
No Tags, Be the first to tag this record!

MARC

LEADER 00000nam a22000007a 4500
008 210121b ||||| |||| 00| 0 eng d
020 |a 978-978-069-7723  
100 |a ABIMBOLA, Wande 
245 |a Ijinle ohun enu ifa apa kin-in-ni  |c Wande Abimbola  |g v, 169p. 
260 |b University Press  |c 2006  |d Books  |h Ibadan  |i 691380  |i 691381  |l PL8824 .Ab5  |m Yoruba poetry.  |m Yoruba language 
942 |a lcc  |c BK  |e Ogunmilade F.T.  |f 21/1/2021 
952 |0 0  |1 0  |2 lcc  |4 0  |6 PL8824 A B5  |7 0  |9 1403  |a HOL  |b ART  |c LP  |d 2021-01-21  |l 0  |o PL8824 .Ab5  |p 2021-0206  |r 2021-01-21 00:00:00  |w 2021-01-21  |y BK 
952 |0 0  |1 0  |2 lcc  |4 0  |6 PL8824 A B5  |7 0  |9 1404  |a HOL  |b HOL  |c LP  |d 2021-01-21  |l 0  |o PL8824 .Ab5  |p 2021-0207  |r 2021-01-21 00:00:00  |w 2021-01-21  |y BK 
999 |c 723  |d 723